Rahsia amalan sepanjang hayat 2
| Format: | Book |
|---|---|
| Published: |
Kuala Lumpur :
Darul Mu'iz ,
1991
|
| Subjects: |
MARC
| LEADER | 00000cam a2200000 7i4500 | ||
|---|---|---|---|
| 001 | 0000008943 | ||
| 002 | 000009744 | ||
| 005 | 20000330.0 | ||
| 020 | |a 9839695012 | ||
| 090 | 0 | 0 | |a 297 |b RAH |
| 245 | 0 | 0 | |a Rahsia amalan sepanjang hayat 2 |
| 260 | |a Kuala Lumpur : |b Darul Mu'iz , |c 1991 | ||
| 300 | |a 178p. ; |c 17cm. | ||
| 650 | 0 | 0 | |a Islamic education |
| 999 | |a 044148 |b BUKU |c PINJAMAN |e PERPUSTAKAAN KOMUNITI PETALING JAYA | ||
| 999 | |a 044149 |b BUKU |c PINJAMAN |e PERPUSTAKAAN KOMUNITI PETALING JAYA | ||